| 000 | 00474nam a22001691a 4500 | ||
|---|---|---|---|
| 001 | 18736 | ||
| 003 | OSt | ||
| 005 | 20260204212420.0 | ||
| 008 | 180528s2012||||ck ||||||b||||||||||spa|| | ||
| 082 | _a624.1514 C198m | ||
| 100 | _aCampos Segura,Ricardo | ||
| 245 | _aManual de suelos:guías de laboratorio y campo/Ricardo Campos Segura | ||
| 264 | _aBogotá:Universidad de la Salle | ||
| 300 | _a72 p | ||
| 650 | _aAnálisis de contenidos de los suelosÌ | ||
| 942 |
_2ddc _cBK |
||
| 999 |
_c18736 _d18736 |
||